Statistics for Movie Taglines

Click here to take the quiz!

General Stats

  • This quiz has been taken 25 times
  • The average score is 8 of 20

Answer Stats

YearTaglineMovie% Correct
2023"She's everything. He's just Ken."Barbie
100%
1984"Who you gonna call?"Ghostbusters
94%
1978"Just when you thought it was safe to go back in the water."Jaws 2
89%
2001"We scare because we care."Monsters Inc.
72%
1960"Check in. Relax. Take a shower."Psycho
72%
1984"If Nancy doesn't wake up screaming, she won't wake up at all..."A Nightmare on Elm Street
56%
1967"What'll you do after you graduate?"The Graduate
56%
1990"Three decades of life in the mafia."Goodfellas
50%
1989"He may be dead but he's the life of the party."Weekend at Bernie's
50%
2000"Some memories are best forgotten."Memento
44%
1982"Man is the warmest place to hide."The Thing
33%
2000"Escape or die frying."Chicken Run
22%
1986"Be afraid. Be very afraid."The Fly
22%
1944"From the moment they met it was murder."Double Indemnity
17%
2019"Act like you own the place."Parasite
17%
1998"The mission is a man."Saving Private Ryan
17%
1982"Man has made his match... Now its his problem."Blade Runner
11%
1969"A man went looking for America, and he couldn't find it anywhere."Easy Rider
11%
1988"When he pours, he reigns."Cocktail
6%
1995"So far, so good."La Haine
6%

Score Distribution

Percentile by Number Answered

Percent of People with Each Score

Your Score History

You have not taken this quiz